[Event "CZE-chT2B 1920"]
[Site "Czech Republic"]
[Date "2020.06.18"]
[Round "10.8"]
[White "Koblasa, Josef"]
[Black "Trnka, Miroslav"]
[Result "1/2-1/2"]
[WhiteElo "1890"]
[BlackElo "2000"]
[PlyCount "120"]
[EventDate "2019.10.13"]
[EventType "team-tourn"]
[EventRounds "11"]
[EventCountry "CZE"]
[SourceTitle "EXT 2024"]
[Source "ChessBase"]
[SourceDate "2023.10.10"]
[SourceVersion "1"]
[SourceVersionDate "2023.10.10"]
[SourceQuality "1"]
[WhiteTeam "Udlice"]
[BlackTeam "Podborany"]
[WhiteTeamCountry "CZE"]
[BlackTeamCountry "CZE"]

1. c4 g6 2. Nc3 Bg7 3. g3 d6 4. Bg2 Nf6 5. d4 0-0 6. e4 c6 7. Nge2 Nbd7 8. 0-0 e5 9. d5 c5 10. a3 Ne8 11. Be3 f5 12. Qd2 Ndf6 13. f3 Rf7 14. b4 b6 15. bxc5 bxc5 16. Rfb1 Nc7 17. Rb2 Qf8 18. Rab1 Ba6 19. Qd3 fxe4 20. Nxe4 Ncxd5 21. Nxf6+ Nxf6 22. Nc3 Kh8 23. Ne4 d5 24. Nxc5 Bxc4 25. Qc2 Re8 26. Nb7 Rc7 27. Bxa7 Qxa3 28. Bf2 Rec8 29. Qd2 Ne8 30. Na5 Ba6 31. Bh3 Rd8 32. Bb6 Qxf3 33. Bg2 Qd3 34. Bxc7 Nxc7 35. Qxd3 Bxd3 36. Rb8 Rf8 37. Rxf8+ Bxf8 38. Rb6 Kg7 39. Nb3 e4 40. Rb7 Bd6 41. Bf1 Bc2 42. Nd4 Ba4 43. Ne6+ Kf6 44. Nxc7 Bc6 45. Rb1 Bxc7 46. Ba6 Ke5 47. Kf1 Bd6 48. Bb5 Bb7 49. Be2 Bc8 50. Rb5 h6 51. Ke1 Bd7 52. Rb7 Be6 53. Rb5 h5 54. Kd2 Be7 55. Rb7 Bg5+ 56. Ke1 Be3 57. Rb5 Bg1 58. Kf1 Bd4 59. Kg2 Bc3 60. h3 Kd4 1/2-1/2

[Event "CZE-chT2B 1920"]
[Site "Czech Republic"]
[Date "2020.02.09"]
[Round "8.8"]
[White "Molnar, Ladislav"]
[Black "Trnka, Miroslav"]
[Result "0-1"]
[WhiteElo "1717"]
[BlackElo "2000"]
[PlyCount "48"]
[EventDate "2019.10.13"]
[EventType "team-tourn"]
[EventRounds "11"]
[EventCountry "CZE"]
[SourceTitle "EXT 2024"]
[Source "ChessBase"]
[SourceDate "2023.10.10"]
[SourceVersion "1"]
[SourceVersionDate "2023.10.10"]
[SourceQuality "1"]
[WhiteTeam "Karlovy Vary Tietz II"]
[BlackTeam "Podborany"]
[WhiteTeamCountry "CZE"]
[BlackTeamCountry "CZE"]

1. e4 g6 2. d4 Bg7 3. f4 d6 4. Nf3 Nf6 5. Nc3 0-0 6. Bd3 c5 7. d5 a6 8. a4 Qc7 9. Qe2 e6 10. dxe6 Bxe6 11. e5 dxe5 12. Nxe5 Nbd7 13. Nxd7 Bxd7 14. 0-0 c4 15. Be4 Rfe8 16. Qf3 Nxe4 17. Nxe4 Bc6 18. Re1 f5 19. g4 Rxe4 20. Rxe4 Bxe4 21. Qf2 Rd8 22. Be3 Qd6 23. Re1 Bd4 24. gxf5 gxf5 0-1

[Event "CZE-chT2A 1718"]
[Site "Czech Republic"]
[Date "2017.12.17"]
[Round "5.8"]
[White "Trnka, Miroslav"]
[Black "Toncar, Jan"]
[Result "1/2-1/2"]
[WhiteElo "1996"]
[BlackElo "1772"]
[PlyCount "53"]
[EventDate "2017.10.15"]
[EventType "team-tourn"]
[EventRounds "11"]
[EventCountry "CZE"]
[SourceTitle "EXT 2022"]
[Source "ChessBase"]
[SourceDate "2021.10.06"]
[SourceVersion "1"]
[SourceVersionDate "2021.10.06"]
[SourceQuality "1"]
[WhiteTeam "Podborany"]
[BlackTeam "Sokolov"]
[WhiteTeamCountry "CZE"]
[BlackTeamCountry "CZE"]

1. d4 Nf6 2. c4 e6 3. Nf3 Bb4+ 4. Nbd2 b6 5. e3 Bb7 6. Be2 0-0 7. 0-0 d5 8. a3 Be7 9. Qc2 Nbd7 10. b3 c5 11. dxc5 Nxc5 12. Rd1 Rc8 13. Qb1 Qc7 14. Bb2 Nce4 15. Be5 Bd6 16. Bxd6 Nxd6 17. Qb2 Rfd8 18. Rac1 dxc4 19. Nxc4 Nxc4 20. Rxc4 Rxd1+ 21. Bxd1 Qd6 22. Rxc8+ Bxc8 23. Bc2 Bb7 24. b4 Ng4 25. Qd4 Qxd4 26. Nxd4 Ne5 27. f4 1/2-1/2

[Event "CZE-chT2A 1718"]
[Site "Czech Republic"]
[Date "2017.12.03"]
[Round "4.8"]
[White "Nemec, David"]
[Black "Trnka, Miroslav"]
[Result "1-0"]
[WhiteElo "2054"]
[BlackElo "1996"]
[PlyCount "53"]
[EventDate "2017.10.15"]
[EventType "team-tourn"]
[EventRounds "11"]
[EventCountry "CZE"]
[SourceTitle "EXT 2022"]
[Source "ChessBase"]
[SourceDate "2021.10.06"]
[SourceVersion "1"]
[SourceVersionDate "2021.10.06"]
[SourceQuality "1"]
[WhiteTeam "Kladno"]
[BlackTeam "Podborany"]
[WhiteTeamCountry "CZE"]
[BlackTeamCountry "CZE"]

1. d4 g6 2. e4 Bg7 3. Nc3 d6 4. Be3 Nd7 5. Qd2 c6 6. f3 h5 7. f4 Qa5 8. Nf3 b5 9. Bd3 Ngf6 10. h3 b4 11. Ne2 d5 12. Ng5 dxe4 13. Nxe4 Nd5 14. 0-0 Nxe3 15. Qxe3 0-0 16. f5 Ba6 17. fxg6 fxg6 18. Bxa6 Qxa6 19. Nf4 Qc4 20. c3 e5 21. Nxg6 Rf6 22. Qg5 Rxf1+ 23. Rxf1 Qe2 24. Ne7+ Kh8 25. Nd6 Qd3 26. Qxh5+ Qh7 27. Nf7# 1-0

[Event "CZE-chT2A 1516"]
[Site "Czech Republic"]
[Date "2016.04.17"]
[Round "11.6"]
[White "Malecek, Jiri"]
[Black "Trnka, Miroslav"]
[Result "1/2-1/2"]
[WhiteElo "1884"]
[BlackElo "1988"]
[PlyCount "22"]
[EventDate "2015.10.18"]
[EventType "team-tourn"]
[EventRounds "11"]
[EventCountry "CZE"]
[SourceTitle "EXT 2022"]
[Source "ChessBase"]
[SourceDate "2021.10.06"]
[SourceVersion "1"]
[SourceVersionDate "2021.10.06"]
[SourceQuality "1"]
[WhiteTeam "Kozolupy"]
[BlackTeam "Podborany"]
[WhiteTeamCountry "CZE"]
[BlackTeamCountry "CZE"]

1. d4 Nf6 2. c4 g6 3. Nc3 Bg7 4. e4 d6 5. f3 0-0 6. Be3 e5 7. d5 Nh5 8. Qd2 Qh4+ 9. Bf2 Qf4 10. Be3 Qh4+ 11. Bf2 Qf4 1/2-1/2

[Event "CZE-chT2A 1516"]
[Site "Czech Republic"]
[Date "2016.02.21"]
[Round "8.7"]
[White "Vodicka, Vlastimil"]
[Black "Trnka, Miroslav"]
[Result "0-1"]
[WhiteElo "2101"]
[BlackElo "1988"]
[PlyCount "80"]
[EventDate "2015.10.18"]
[EventType "team-tourn"]
[EventRounds "11"]
[EventCountry "CZE"]
[SourceTitle "EXT 2022"]
[Source "ChessBase"]
[SourceDate "2021.10.06"]
[SourceVersion "1"]
[SourceVersionDate "2021.10.06"]
[SourceQuality "1"]
[WhiteTeam "Vysehrad II"]
[BlackTeam "Podborany"]
[WhiteTeamCountry "CZE"]
[BlackTeamCountry "CZE"]

1. d4 g6 2. c4 Bg7 3. e4 d6 4. Be3 Nf6 5. Nc3 0-0 6. Be2 e5 7. Nf3 Nc6 8. d5 Ne7 9. Nd2 Ne8 10. 0-0 f5 11. f3 f4 12. Bf2 g5 13. c5 Rf6 14. Rc1 Rg6 15. Nb5 a6 16. cxd6 cxd6 17. Nc7 Nxc7 18. Bb6 Qe8 19. Rxc7 h5 20. Bf2 b5 21. Kh1 g4 22. Bh4 Bd7 23. Qc2 Bf6 24. Bxf6 Rxf6 25. Rc1 Rg6 26. Qd1 Rg7 27. Qe1 Ng6 28. Rb7 Rb8 29. Rxb8 Qxb8 30. Nb3 Qd8 31. Na5 Nh4 32. Nc6 Qg5 33. fxg4 hxg4 34. Nb8 f3 35. Bf1 Qf6 36. Nxd7 Rxd7 37. Rc8+ Kg7 38. Qg3 Qg5 39. gxf3 Rf7 40. Bh3 Rxf3 0-1

[Event "Jirasek Memorial op 24th"]
[Site "Rakovnik"]
[Date "2012.08.09"]
[Round "7"]
[White "Trnka, Miroslav"]
[Black "Novy, Daniel"]
[Result "1/2-1/2"]
[WhiteElo "2012"]
[BlackElo "1991"]
[PlyCount "116"]
[EventDate "2012.08.04"]
[EventType "swiss"]
[EventRounds "9"]
[EventCountry "CZE"]
[SourceTitle "CBM 149 Extra"]
[Source "ChessBase"]
[SourceDate "2012.08.24"]
[SourceVersion "1"]
[SourceVersionDate "2012.08.24"]
[SourceQuality "1"]

1. d4 Nf6 2. c4 g6 3. Nc3 Bg7 4. e4 d6 5. Nf3 0-0 6. Be2 e5 7. 0-0 Nc6 8. d5 Ne7 9. Ne1 Nd7 10. Nd3 f5 11. Rb1 f4 12. b4 Nf6 13. g4 fxg3 14. fxg3 Bh3 15. Re1 Qd7 16. Nf2 Rf7 17. Nxh3 Qxh3 18. Rb2 Raf8 19. Bf1 Qd7 20. Rf2 h6 21. Bg2 g5 22. h3 Ng6 23. Ref1 a6 24. Be3 g4 25. hxg4 Qxg4 26. Qxg4 Nxg4 27. Rxf7 Rxf7 28. Rxf7 Kxf7 29. Ba7 Ke7 30. Bh3 Nf6 31. Bc8 b6 32. Bxa6 h5 33. c5 dxc5 34. bxc5 Bh6 35. cxb6 Be3+ 36. Kg2 cxb6 37. Kf3 Bd2 38. Na4 h4 39. Bxb6 hxg3 40. Bc5+ Kd8 41. Bf1 Bf4 42. Bd3 Nh4+ 43. Ke2 Ng4 44. Bb6+ Ke7 45. Bc5+ Kd8 46. Bg1 g2 47. Nc5 Be3 48. Ne6+ Ke7 49. Bxe3 Nxe3 50. Kf2 Nf3 51. Kxe3 g1Q+ 52. Kxf3 Qh1+ 53. Ke3 Qh3+ 54. Kd2 Qg2+ 55. Ke3 Qxa2 56. Ng7 Kd8 57. Nf5 Qg2 58. Be2 Qg1+ 1/2-1/2

[Event "Jirasek Memorial op 24th"]
[Site "Rakovnik"]
[Date "2012.08.08"]
[Round "6"]
[White "Rous, Daniel"]
[Black "Trnka, Miroslav"]
[Result "1/2-1/2"]
[WhiteElo "1981"]
[BlackElo "2012"]
[PlyCount "103"]
[EventDate "2012.08.04"]
[EventType "swiss"]
[EventRounds "9"]
[EventCountry "CZE"]
[SourceTitle "CBM 149 Extra"]
[Source "ChessBase"]
[SourceDate "2012.08.24"]
[SourceVersion "1"]
[SourceVersionDate "2012.08.24"]
[SourceQuality "1"]

1. Nf3 g6 2. d4 f5 3. g3 Nf6 4. Bg2 Bg7 5. 0-0 0-0 6. c4 d6 7. Nc3 Nc6 8. d5 Ne5 9. Nxe5 dxe5 10. e4 f4 11. gxf4 exf4 12. Bxf4 Nxe4 13. Nxe4 Rxf4 14. Qd2 e5 15. Rad1 Bf5 16. Qe2 Qh4 17. f3 Qe7 18. b3 Rd8 19. Qe3 b6 20. Nc3 Bc8 21. d6 Rxd6 22. Nd5 Qd8 23. Nxf4 Rxd1 24. Nd5 Rxf1+ 25. Kxf1 c6 26. Nc3 Qd4 27. Ke2 Qxe3+ 28. Kxe3 Kf7 29. Ne4 Ke7 30. Bf1 Bh6+ 31. Kf2 Bf4 32. Kg2 Bf5 33. Bd3 a5 34. Bc2 Kd8 35. Bb1 Kc7 36. Bd3 g5 37. Nf2 Be6 38. Bxh7 a4 39. Bd3 a3 40. Ne4 Bf5 41. Nf2 Bd7 42. Ne4 b5 43. Nc3 Kb6 44. cxb5 cxb5 45. h3 Be6 46. Nxb5 Bxb3 47. Nxa3 Bxa2 48. Nb5 Kc5 49. Nc3 Be6 50. Be4 Kd4 51. Ne2+ Ke3 52. Ng3 1/2-1/2

[Event "Jirasek Memorial op 24th"]
[Site "Rakovnik"]
[Date "2012.08.04"]
[Round "1"]
[White "Horyna, Josef"]
[Black "Trnka, Miroslav"]
[Result "0-1"]
[WhiteElo "1878"]
[BlackElo "2012"]
[PlyCount "42"]
[EventDate "2012.08.04"]
[EventType "swiss"]
[EventRounds "9"]
[EventCountry "CZE"]
[SourceTitle "CBM 149 Extra"]
[Source "ChessBase"]
[SourceDate "2012.08.24"]
[SourceVersion "1"]
[SourceVersionDate "2012.08.24"]
[SourceQuality "1"]

1. d4 g6 2. e4 Bg7 3. Nf3 d6 4. h3 Nc6 5. c3 Nf6 6. Bd3 0-0 7. 0-0 e5 8. d5 Ne7 9. Be3 Ne8 10. Qc1 f5 11. Bg5 f4 12. c4 h6 13. Bxe7 Qxe7 14. Nbd2 g5 15. b4 h5 16. c5 g4 17. hxg4 hxg4 18. Ne1 Qh4 19. g3 fxg3 20. fxg3 Qxg3+ 21. Kh1 Bh6 0-1

[Event "Jirasek Memorial op 23rd"]
[Site "Rakovnik"]
[Date "2011.08.13"]
[Round "9"]
[White "Trnka, Miroslav"]
[Black "Hlavac, Rudolf"]
[Result "1-0"]
[WhiteElo "2012"]
[BlackElo "2064"]
[PlyCount "91"]
[EventDate "2011.08.06"]
[EventType "swiss"]
[EventRounds "9"]
[EventCountry "CZE"]
[SourceTitle "CBM 143 Extra"]
[Source "ChessBase"]
[SourceDate "2011.08.29"]
[SourceVersion "1"]
[SourceVersionDate "2011.08.29"]
[SourceQuality "1"]

1. g3 g6 2. Bg2 d5 3. d3 Bg7 4. Nf3 Nf6 5. 0-0 0-0 6. c3 c5 7. Nbd2 Nc6 8. Re1 h6 9. Rb1 Be6 10. b4 cxb4 11. cxb4 d4 12. b5 Na5 13. Bb2 Bxa2 14. Ra1 Bd5 15. Bxd4 b6 16. Qa4 Qd7 17. Ne5 Qe6 18. e4 Bb7 19. Rac1 Rac8 20. Ba1 Nd7 21. Nxd7 Qxd7 22. Bxg7 Kxg7 23. d4 Rfd8 24. d5 e6 25. Nc4 Nxc4 26. Rxc4 exd5 27. Rd4 Rc5 28. Qxa7 Rxb5 29. Qa1 Kg8 30. exd5 Re8 31. d6 Bxg2 32. Kxg2 Rbe5 33. Rxe5 Rxe5 34. Qa8+ Kh7 35. Qf3 b5 36. h3 h5 37. Rf4 Kg8 38. Qa8+ Kg7 39. Rb4 Kh7 40. Qf3 Kg8 41. Qc3 Kh7 42. Rf4 Rd5 43. Qf3 Qxd6 44. Rxf7+ Kh6 45. Qe3+ g5 46. Qe4 1-0

[Event "Jirasek Memorial op 23rd"]
[Site "Rakovnik"]
[Date "2011.08.10"]
[Round "6"]
[White "Urban, Tomas"]
[Black "Trnka, Miroslav"]
[Result "1/2-1/2"]
[WhiteElo "1822"]
[BlackElo "2012"]
[PlyCount "52"]
[EventDate "2011.08.06"]
[EventType "swiss"]
[EventRounds "9"]
[EventCountry "CZE"]
[SourceTitle "CBM 143 Extra"]
[Source "ChessBase"]
[SourceDate "2011.08.29"]
[SourceVersion "1"]
[SourceVersionDate "2011.08.29"]
[SourceQuality "1"]

1. d4 g6 2. c4 Bg7 3. Nc3 d6 4. Nf3 Nf6 5. e3 0-0 6. Bd3 Nc6 7. a3 e5 8. d5 Ne7 9. e4 Ne8 10. Bd2 f5 11. Qc2 c6 12. Ke2 Bd7 13. Rag1 Nf6 14. h3 Rc8 15. Qb3 Rc7 16. c5 cxd5 17. cxd6 Rxc3 18. Bxc3 fxe4 19. Bxe4 Nxe4 20. dxe7 Nxc3+ 21. bxc3 Qxe7 22. Qxb7 e4 23. Nd4 Bg4+ 24. hxg4 Qxb7 25. Rb1 Qa6+ 26. Ke1 Qd3 1/2-1/2

[Event "Jirasek Memorial op 23rd"]
[Site "Rakovnik"]
[Date "2011.08.09"]
[Round "5"]
[White "Trnka, Miroslav"]
[Black "Jirkovsky, Tomas"]
[Result "1/2-1/2"]
[WhiteElo "2012"]
[BlackElo "2073"]
[PlyCount "72"]
[EventDate "2011.08.06"]
[EventType "swiss"]
[EventRounds "9"]
[EventCountry "CZE"]
[SourceTitle "CBM 143 Extra"]
[Source "ChessBase"]
[SourceDate "2011.08.29"]
[SourceVersion "1"]
[SourceVersionDate "2011.08.29"]
[SourceQuality "1"]

1. d4 Nf6 2. c4 g6 3. Nc3 Bg7 4. e4 d6 5. Nf3 0-0 6. Be2 e5 7. 0-0 c6 8. Rb1 Nbd7 9. b4 Nb6 10. h3 exd4 11. Nxd4 d5 12. exd5 cxd5 13. c5 Nc4 14. Bg5 h6 15. Bf4 a6 16. Bf3 Ne4 17. Nxe4 dxe4 18. Be2 g5 19. Bxc4 gxf4 20. Ne2 Qg5 21. Qd5 Bf6 22. g4 fxg3 23. Nxg3 Bxh3 24. Qxg5+ hxg5 25. Rfe1 Rad8 26. Rxe4 Rfe8 27. Rbe1 Kf8 28. Rxe8+ Rxe8 29. Rxe8+ Kxe8 30. Ne4 Bc8 31. Bxf7+ Kd8 32. Bd5 Kc7 33. Nxg5 Bc3 34. Ne4 Bxb4 35. f4 Bf5 36. Kf2 Bxe4 1/2-1/2

[Event "Jirasek Memorial op 23rd"]
[Site "Rakovnik"]
[Date "2011.08.06"]
[Round "1"]
[White "Trnka, Miroslav"]
[Black "Vykouk, Jan"]
[Result "1/2-1/2"]
[WhiteElo "2012"]
[BlackElo "1792"]
[PlyCount "122"]
[EventDate "2011.08.06"]
[EventType "swiss"]
[EventRounds "9"]
[EventCountry "CZE"]
[SourceTitle "CBM 143 Extra"]
[Source "ChessBase"]
[SourceDate "2011.08.29"]
[SourceVersion "1"]
[SourceVersionDate "2011.08.29"]
[SourceQuality "1"]

1. d4 d5 2. c4 c6 3. Nc3 Bf5 4. Nf3 e6 5. Bf4 Nf6 6. e3 Qb6 7. Qb3 Nbd7 8. Nd2 Qxb3 9. Nxb3 dxc4 10. Bxc4 Nb6 11. Nd2 Nfd5 12. Nxd5 exd5 13. Be2 Na4 14. 0-0-0 Rc8 15. f3 Be7 16. e4 Be6 17. Kb1 0-0 18. Nb3 Rfd8 19. Rhe1 dxe4 20. fxe4 Nb6 21. Nc5 Bxc5 22. dxc5 Nd7 23. Bd6 Nf6 24. Bf1 Bg4 25. Rd4 Nxe4 26. Rexe4 Bf5 27. Bd3 Bxe4 28. Bxe4 g6 29. Bf3 b6 30. b4 Re8 31. Kc2 Re1 32. Re4 Rxe4 33. Bxe4 f5 34. Bf3 Kf7 35. Kc3 Ke6 36. Kd4 b5 37. g4 Kd7 38. gxf5 gxf5 39. Ke3 Re8+ 40. Kf4 Re1 41. Kxf5 Ra1 42. Ke5 Rxa2 43. Bg4+ Kd8 44. Bb8 Rxh2 45. Bxa7 Rh4 46. Bf5 Kc7 47. Bb6+ Kb7 48. Be4 h5 49. Bd8 Rh2 50. Bg5 Kc7 51. Bf4 Re2 52. Kf5+ Kb7 53. Bf3 Rb2 54. Bxh5 Rxb4 55. Bd6 Ra4 56. Ke6 b4 57. Kd7 b3 58. Be5 Rh4 59. Bf3 Rh7+ 60. Kd6 Rh6+ 61. Kd7 Rh7+ 1/2-1/2

[Event "CZE-chT2B 1011"]
[Site "Czech Republic"]
[Date "2011.03.27"]
[Round "10.5"]
[White "Trnka, Miroslav"]
[Black "Ksana, Vaclav"]
[Result "1/2-1/2"]
[WhiteElo "1994"]
[BlackElo "2127"]
[PlyCount "84"]
[EventDate "2010.10.17"]
[EventType "team-tourn"]
[EventRounds "11"]
[EventCountry "CZE"]
[SourceTitle "EXT 2012"]
[Source "ChessBase"]
[SourceDate "2011.11.24"]
[SourceVersion "1"]
[SourceVersionDate "2011.11.24"]
[SourceQuality "1"]
[WhiteTeam "Podborany"]
[BlackTeam "Marty Most"]
[WhiteTeamCountry "CZE"]
[BlackTeamCountry "CZE"]

1. d4 Nf6 2. c4 e5 3. dxe5 Ng4 4. Bf4 Nc6 5. Nf3 Bb4+ 6. Nbd2 Qe7 7. a3 Ncxe5 8. Nxe5 Nxe5 9. e3 Bxd2+ 10. Qxd2 d6 11. Be2 0-0 12. 0-0 b6 13. b4 Bb7 14. Rfd1 a5 15. Qb2 axb4 16. axb4 Ng6 17. Bg3 f5 18. Rxa8 Bxa8 19. Ra1 c5 20. bxc5 bxc5 21. Qb6 f4 22. exf4 Qxe2 23. Qxd6 Qxc4 24. f5 Qe4 25. Qe6+ Qxe6 26. fxe6 Bd5 27. Bd6 Re8 28. Bxc5 Rxe6 29. Be3 Ne7 30. g4 Nc6 31. h3 Ne5 32. Ra5 Bc6 33. Ra7 h6 34. Kh2 g5 35. Kg3 Nd7 36. h4 Nf6 37. hxg5 hxg5 38. Bxg5 Ne4+ 39. Kf4 Nxf2 40. Kf5 Re8 41. Bf6 Be4+ 42. Kf4 Nd3+ 1/2-1/2

[Event "CZE-chT2B 1011"]
[Site "Czech Republic"]
[Date "2011.03.06"]
[Round "9.4"]
[White "Trnka, Miroslav"]
[Black "Pribyl, Jakub"]
[Result "0-1"]
[WhiteElo "1994"]
[BlackElo "2147"]
[PlyCount "78"]
[EventDate "2010.10.17"]
[EventType "team-tourn"]
[EventRounds "11"]
[EventCountry "CZE"]
[SourceTitle "EXT 2012"]
[Source "ChessBase"]
[SourceDate "2011.11.24"]
[SourceVersion "1"]
[SourceVersionDate "2011.11.24"]
[SourceQuality "1"]
[WhiteTeam "Podborany"]
[BlackTeam "Usti nad Labem"]
[WhiteTeamCountry "CZE"]
[BlackTeamCountry "CZE"]

1. d4 Nf6 2. c4 g6 3. Nc3 Bg7 4. e4 d6 5. Nf3 0-0 6. Be2 Nc6 7. 0-0 e5 8. d5 Ne7 9. Ne1 Ne8 10. Nd3 f5 11. f4 Kh8 12. Qc2 Bd7 13. Kh1 c6 14. fxe5 dxe5 15. Bg5 h6 16. Bh4 g5 17. Bg3 f4 18. Bf2 g4 19. Bg1 Ng6 20. Nc5 Bc8 21. Qd1 Qh4 22. Qe1 Qg5 23. Bf2 f3 24. gxf3 gxf3 25. Rg1 Qh5 26. Bf1 Nf4 27. Rg3 Nf6 28. Qd2 Ng4 29. Be3 Ng2 30. Bg1 Nh4 31. Bh3 f2 32. Bxg4 Bxg4 33. Bxf2 Nf3 34. Rxf3 Rxf3 35. Kg1 Bh3 36. Ne2 Raf8 37. Ng3 Qg6 38. Nd3 h5 39. Bc5 Rf1+ 0-1

[Event "CZE-chT2B 1011"]
[Site "Czech Republic"]
[Date "2011.02.06"]
[Round "7.5"]
[White "Janda, Zdenek"]
[Black "Trnka, Miroslav"]
[Result "1-0"]
[WhiteElo "2114"]
[BlackElo "1994"]
[PlyCount "79"]
[EventDate "2010.10.17"]
[EventType "team-tourn"]
[EventRounds "11"]
[EventCountry "CZE"]
[SourceTitle "EXT 2012"]
[Source "ChessBase"]
[SourceDate "2011.11.24"]
[SourceVersion "1"]
[SourceVersionDate "2011.11.24"]
[SourceQuality "1"]
[WhiteTeam "Decin"]
[BlackTeam "Podborany"]
[WhiteTeamCountry "CZE"]
[BlackTeamCountry "CZE"]

1. d4 g6 2. c4 Bg7 3. Nc3 d6 4. e4 Nc6 5. Be3 e5 6. d5 Nce7 7. Bd3 f5 8. f3 Nf6 9. Nge2 0-0 10. 0-0 f4 11. Bf2 g5 12. c5 Ne8 13. Rc1 Rf6 14. Qc2 Rg6 15. Kh1 g4 16. fxg4 Bxg4 17. Ng1 Bh6 18. Nf3 Bf8 19. Be2 Kh8 20. Nb5 a6 21. Na3 h5 22. Nc4 Rg7 23. Bh4 b6 24. cxb6 cxb6 25. Qd2 b5 26. Na5 Qd7 27. Nc6 Rc8 28. Nfxe5 dxe5 29. Nxe5 Qd6 30. Qxf4 Rxc1 31. Rxc1 Kg8 32. Rf1 Bxe2 33. Qxf8+ Kh7 34. Nf7 Ng6 35. Qxe8 Qb6 36. Bd8 Qe3 37. Rg1 Qf4 38. Ng5+ Kh6 39. Ne6 Qxe4 40. Bg5+ 1-0

[Event "CZE-chT2B 1011"]
[Site "Czech Republic"]
[Date "2011.01.23"]
[Round "6.5"]
[White "Trnka, Miroslav"]
[Black "Contos, Vaclav"]
[Result "1-0"]
[WhiteElo "1994"]
[BlackElo "2119"]
[PlyCount "65"]
[EventDate "2010.10.17"]
[EventType "team-tourn"]
[EventRounds "11"]
[EventCountry "CZE"]
[SourceTitle "EXT 2012"]
[Source "ChessBase"]
[SourceDate "2011.11.24"]
[SourceVersion "1"]
[SourceVersionDate "2011.11.24"]
[SourceQuality "1"]
[WhiteTeam "Podborany"]
[BlackTeam "Karlovy Vary"]
[WhiteTeamCountry "CZE"]
[BlackTeamCountry "CZE"]

1. g3 Nf6 2. Bg2 g6 3. d3 Bg7 4. Nf3 d6 5. 0-0 0-0 6. e4 e5 7. c3 Re8 8. Nbd2 c5 9. a4 Nc6 10. Qc2 Rb8 11. Nc4 Qc7 12. Ne3 a6 13. Nh4 b5 14. f4 Ne7 15. f5 Bb7 16. g4 g5 17. Nf3 h6 18. h4 gxh4 19. Nxh4 d5 20. axb5 axb5 21. exd5 Nexd5 22. Nxd5 Bxd5 23. g5 hxg5 24. Bxg5 Qc6 25. Bxd5 Qxd5 26. Ra6 Nh7 27. Bh6 Bxh6 28. Rxh6 Rbd8 29. Rf3 Kh8 30. Qh2 Rd7 31. Rxh7+ Kxh7 32. Ng6+ Kg7 33. f6+ 1-0

[Event "CZE-chT2B 1011"]
[Site "Czech Republic"]
[Date "2010.12.05"]
[Round "4.5"]
[White "Trnka, Miroslav"]
[Black "Novotny, Viktor"]
[Result "1/2-1/2"]
[WhiteElo "1994"]
[BlackElo "2076"]
[PlyCount "80"]
[EventDate "2010.10.17"]
[EventType "team-tourn"]
[EventRounds "11"]
[EventCountry "CZE"]
[SourceTitle "EXT 2012"]
[Source "ChessBase"]
[SourceDate "2011.11.24"]
[SourceVersion "1"]
[SourceVersionDate "2011.11.24"]
[SourceQuality "1"]
[WhiteTeam "Podborany"]
[BlackTeam "Novoborsky III"]
[WhiteTeamCountry "CZE"]
[BlackTeamCountry "CZE"]

1. g3 d5 2. Bg2 c6 3. Nf3 Nd7 4. 0-0 e5 5. d3 Ngf6 6. Nc3 Bd6 7. h3 0-0 8. Nd2 d4 9. Nce4 Bc7 10. c3 Nd5 11. Nb3 dxc3 12. bxc3 N7f6 13. Bg5 h6 14. Nxf6+ Nxf6 15. Be3 Be6 16. Nc5 Qc8 17. Nxe6 Qxe6 18. Qb3 Qxb3 19. axb3 a6 20. b4 Rfd8 21. c4 Kf8 22. Rfb1 Ke7 23. b5 axb5 24. Rxa8 Rxa8 25. cxb5 Kd6 26. f4 Nd5 27. Kf2 Nxe3 28. Kxe3 exf4+ 29. gxf4 Ra4 30. bxc6 bxc6 31. Rc1 c5 32. Rc4 Rxc4 33. dxc4 f5 34. Bd5 g5 35. Kf3 Ke7 36. e3 Kf6 37. Bb7 h5 38. fxg5+ Kxg5 39. Bc8 h4 40. Bd7 Be5 1/2-1/2